书目信息 |
| 题名: |
未来教育重塑研究
|
|
| 作者: | 尚俊杰 著 | |
| 分册: | ||
| 出版信息: | 上海 华东师范大学出版社 2020 |
|
| 页数: | 299页 | |
| 开本: | 24cm | |
| 丛书名: | ||
| 单 册: | ||
| 中图分类: | G521 | |
| 科图分类: | ||
| 主题词: | 教育事业--发展--研究--中国 | |
| 电子资源: | ||
| ISBN: | 978-7-5675-9711-2 | |
| 000 | 00911nam0 2200229 450 | |
| 001 | 2158969935 | |
| 005 | 20211117162256.40 | |
| 010 | @a978-7-5675-9711-2@dCNY62.00 | |
| 100 | @a20200309d2020 em y0chiy0110 ea | |
| 101 | 0 | @achi |
| 102 | @aCN@b310000 | |
| 105 | @aa z 000yy | |
| 200 | 1 | @a未来教育重塑研究@9wei lai jiao yu chong su yan jiu@f尚俊杰著 |
| 210 | @a上海@c华东师范大学出版社@d2020 | |
| 215 | @a299页@c图@d24cm | |
| 300 | @a2035中国教育发展战略研究 2017年上海市文教结合“高校服务国家重大战略出版工程”资助项目 中国教育发展工程 | |
| 330 | @a本书阐述了以互联网、人工智能、大数据为代表的信息技术对教育的革命性影响,以及“互联网+”促进教育流程再造的具体途径,展望了未来教育的发展前景和面临的困难及障碍,并指出了未来教育的发展策略。 | |
| 606 | 0 | @a教育事业@x发展@x研究@y中国 |
| 690 | @aG521@v5 | |
| 701 | 0 | @a尚俊杰@9shang jun jie@4著 |
| 801 | 0 | @aCN@b山东中教@c20211112 |
| 905 | @aZUCC@dG521@e11 | |
| 未来教育重塑研究/尚俊杰著.-上海:华东师范大学出版社,2020 |
| 299页:图;24cm |
| 2035中国教育发展战略研究 2017年上海市文教结合“高校服务国家重大战略出版工程”资助项目 中国教育发展工程 |
| ISBN 978-7-5675-9711-2:CNY62.00 |
| 本书阐述了以互联网、人工智能、大数据为代表的信息技术对教育的革命性影响,以及“互联网+”促进教育流程再造的具体途径,展望了未来教育的发展前景和面临的困难及障碍,并指出了未来教育的发展策略。 |
| ● |
| 相关链接 |
|
|
|
正题名:未来教育重塑研究
索取号:G521/11
 
预约/预借
| 序号 | 登录号 | 条形码 | 馆藏地/架位号 | 状态 | 备注 |
| 1 | 2000890521 | 2000890521 | 兵学书屋/兵圣1架A面2层1列/ [索取号:G521/11] | 在馆 | |
| 2 | 2000890522 | 2000890522 | 兵学书屋/兵圣1架A面2层1列/ [索取号:G521/11] | 在馆 | |
| 3 | 2000890523 | 2000890523 | 兵学书屋/兵圣1架A面2层1列/ [索取号:G521/11] | 在馆 |